000 00297nam a22001217a 4500
082 _a341.48101
_bZAF
100 _aZafarullah
245 _aHuman Rights LL.B. Part-III /
_cZafarullah
260 _aLahore:
_bKLR Publications,
_cN.A.
300 _a152 p.
563 _aPB.
942 _2ddc
_cBK
999 _c613996
_d613996